000
00336nam a2200145Ia 4500
003
OSt
005
20240205125557.0
008
170523s9999 xx 000 0 und d
020
_a
978-0471161363
040
_c
iimt university meerut
100
_a
TOWNSEND
245
0
_a
QUALITY IN ACTION
260
_b
JOHN WILEY SONS
942
_2
ddc
_c
02
999
_c
303
_d
303